Städte der USA - Bilderquiz - Statistiken

Allgemein
  • Dieses Quiz wurde 138 mal gespielt
  • Das Durchschnittsergebnis liegt bei 13 aus 20
Antwortstatistiken
Bildquiz Antwort % Korrekt
New York
99%
Washington D.C.
97%
Las Vegas
95%
Miami
92%
San Francisco
88%
Chicago
87%
Los Angeles
87%
Seattle
84%
Boston
78%
Dallas
67%
Denver
61%
Philadelphia
61%
Detroit
57%
New Orleans
56%
Orlando
56%
Atlanta
51%
St Louis
38%
Honolulu
32%
Anchorage
30%
Nashville
21%
Keine übereinstimmenden Quizze gefunden
Verteilung der Resultate
Anzahl Personen mit jedem Resultat
Perzentil nach korrekt beantworteten Fragen
Ihre Resultats-Entwicklung
Sie haben dieses Quiz noch nicht gespielt